Boundary management : developing business architectures for innovation /

Bibliographic Details
Main Author: Kodama, Mitsuru, 1957-
Corporate Author: SpringerLink (Online service)
Format: eBook
Language:English
Published: Berlin ; London : Springer, [2010]
Subjects:
Online Access:Connect to the full text of this electronic book

MARC

Tag First Indicator Second Indicator Subfields
LEADER 00000cam a2200000Ia 4500
001 in00002575892
005 20210727154759.0
006 m d
007 cr cn|
008 100323s2010 gw s 000 0 eng d
020 |a 3642037895 
020 |a 9783642037894 
035 |a (OCoLC)567139662 
035 |a (OCoLC)ocn567139662 
035 |a 3706789 
037 |a 978-3-642-03788-7  |b Springer  |n http://www.springerlink.com 
040 |a GW5XE  |b eng  |c GW5XE  |d UtOrBLW 
049 |a TXAC 
050 4 |a HD58.87  |b .K633 2010 
082 0 4 |a 658.4063  |2 22 
100 1 |a Kodama, Mitsuru,  |d 1957-  |0 http://id.loc.gov/authorities/names/n2006023568 
245 1 0 |a Boundary management :  |b developing business architectures for innovation /  |c by Mitsuru Kodama. 
264 1 |a Berlin ;  |a London :  |b Springer,  |c [2010] 
264 4 |c ©2010 
300 |a 1 online resource. 
336 |a text  |b txt  |2 rdacontent 
337 |a computer  |b c  |2 rdamedia 
338 |a online resource  |b cr  |2 rdacarrier 
500 |a Electronic resource. 
504 |a Includes bibliographical references and index. 
533 |a Electronic reproduction.  |b New York :  |c Springer,  |d 2010.  |n Mode of access: World Wide Web.  |n System requirements: Web browser.  |n Title from title screen (viewed on Feb. 18, 2010).  |n Access may be restricted to users at subscribing institutions. 
650 0 |a Knowledge management.  |0 http://id.loc.gov/authorities/subjects/sh97007353 
650 0 |a Organizational change  |v Case studies.  |0 http://id.loc.gov/authorities/subjects/sh2008108708 
650 0 |a Organizational change.  |0 http://id.loc.gov/authorities/subjects/sh85095525 
650 0 |a Reengineering (Management)  |0 http://id.loc.gov/authorities/subjects/sh95000916 
650 0 |a Strategic planning  |v Case studies.  |0 http://id.loc.gov/authorities/subjects/sh2008112301 
650 0 |a Strategic planning.  |0 http://id.loc.gov/authorities/subjects/sh85128511 
650 0 |a Technological innovations.  |0 http://id.loc.gov/authorities/subjects/sh85133143 
655 7 |a Electronic books.  |2 local 
710 2 |a SpringerLink (Online service)  |0 http://id.loc.gov/authorities/names/no2005046756 
776 1 |c Original  |z 9783642037887  |z 3642037887  |w (OCoLC)428029637 
856 4 0 |u http://proxy.library.tamu.edu/login?url=https://dx.doi.org/10.1007/978-3-642-03789-4  |z Connect to the full text of this electronic book  |t 0 
994 |a 92  |b TXA 
999 |a MARS 
999 f f |s 9a04c663-37ce-3885-9022-921b56e79b17  |i 3b6806ea-53b3-3ffb-92a4-980bb9f3ca5f  |t 0 
952 f f |a Texas A&M University  |b College Station  |c Electronic Resources  |d Available Online  |t 0  |e HD58.87 .K633 2010  |h Library of Congress classification 
998 f f |a HD58.87 .K633 2010  |t 0  |l Available Online